Синтез дискретных систем с ПИД-регулятором; Известия Томского политехнического университета [Известия ТПУ]; Т. 312, № 5 : Управление, вычислительная техника и информатика
| Parent link: | Известия Томского политехнического университета [Известия ТПУ]/ Томский политехнический университет (ТПУ).— , 2000- Т. 312, № 5 : Управление, вычислительная техника и информатика.— 2008.— [С. 48-52] |
|---|---|
| Autor principal: | |
| Sumari: | Заглавие с титульного листа Электронная версия печатной публикации Предлагается алгоритм синтеза дискретных систем с ПИД-регулятором, основанный на сочетании модальных и частотных методов. На первом этапе с помощью модифицированной версии D-разбиения определяется интервал изменения одного из трех параметров регулятора, для всех точек которого гарантируется желаемое размещение полюсов системы. На втором этапе реализуется поиск значений параметров регулятора, обеспечивающих минимум квадратичного критерия сближения процессов в эталонной и синтезируемой системах. Приведены примеры. |
| Idioma: | rus |
| Publicat: |
2008
|
| Col·lecció: | Управление, вычислительная техника и информатика |
| Matèries: | |
| Accés en línia: | http://www.lib.tpu.ru/fulltext/v/Bulletin_TPU/2008/v312/i5/11.pdf |
| Format: | MixedMaterials Electrònic Capítol de llibre |
| KOHA link: | https://koha.lib.tpu.ru/cgi-bin/koha/opac-detail.pl?biblionumber=173268 |
MARC
| LEADER | 00000nla2a2200000 4500 | ||
|---|---|---|---|
| 001 | 173268 | ||
| 005 | 20231031164453.0 | ||
| 035 | |a (RuTPU)RU\TPU\book\187928 | ||
| 035 | |a RU\TPU\book\187924 | ||
| 090 | |a 173268 | ||
| 100 | |a 20091222d2008 k y0rusy50 ca | ||
| 101 | 0 | |a rus | |
| 102 | |a RU | ||
| 135 | |a drnn ---uucaa | ||
| 181 | 0 | |a i | |
| 182 | 0 | |a b | |
| 200 | 1 | |a Синтез дискретных систем с ПИД-регулятором |b Электронный ресурс |f О. С. Вадутов | |
| 203 | |a Текст |c электронный | ||
| 215 | |a 1 файл (486 Кб) | ||
| 225 | 1 | |a Управление, вычислительная техника и информатика | |
| 230 | |a Электронные текстовые данные (1 файл : 486 Кб) | ||
| 300 | |a Заглавие с титульного листа | ||
| 300 | |a Электронная версия печатной публикации | ||
| 320 | |a [Библиогр.: с. 52 (14 назв.)] | ||
| 330 | |a Предлагается алгоритм синтеза дискретных систем с ПИД-регулятором, основанный на сочетании модальных и частотных методов. На первом этапе с помощью модифицированной версии D-разбиения определяется интервал изменения одного из трех параметров регулятора, для всех точек которого гарантируется желаемое размещение полюсов системы. На втором этапе реализуется поиск значений параметров регулятора, обеспечивающих минимум квадратичного критерия сближения процессов в эталонной и синтезируемой системах. Приведены примеры. | ||
| 337 | |a Adobe Reader | ||
| 461 | 1 | |0 (RuTPU)RU\TPU\book\176237 |t Известия Томского политехнического университета [Известия ТПУ] |f Томский политехнический университет (ТПУ) |d 2000- | |
| 463 | 1 | |0 (RuTPU)RU\TPU\book\187914 |x 1684-8519 |t Т. 312, № 5 : Управление, вычислительная техника и информатика |v [С. 48-52] |d 2008 |p 164 с. | |
| 610 | 1 | |a синтез | |
| 610 | 1 | |a дискретные системы | |
| 610 | 1 | |a ПИД-регуляторы | |
| 610 | 1 | |a модальные методы | |
| 610 | 1 | |a частотные методы | |
| 610 | 1 | |a параметры | |
| 610 | 1 | |a полюсы | |
| 610 | 1 | |a квадратичные критерии | |
| 610 | 1 | |a эталонные системы | |
| 610 | 1 | |a примеры | |
| 610 | 1 | |a труды учёных ТПУ | |
| 610 | 1 | |a электронный ресурс | |
| 700 | 1 | |a Вадутов |b О. С. |c доцент кафедры промышленной и медицинской электроники ЭФФ, ТПУ |c заместитель директора ИДО |c кандидат технических наук |f 1940- |g Олег Самигулович |2 stltpush |3 (RuTPU)RU\TPU\pers\25384 | |
| 801 | 1 | |a RU |b 63413507 |c 20090623 |g PSBO | |
| 801 | 2 | |a RU |b 63413507 |c 20211207 |g PSBO | |
| 856 | 4 | |u http://www.lib.tpu.ru/fulltext/v/Bulletin_TPU/2008/v312/i5/11.pdf | |
| 942 | |c CF | ||